| 000 | 00416 a2200157 4500 | ||
|---|---|---|---|
| 082 | _a629.83 PHI | ||
| 090 |
_c23362 _d23362 |
||
| 100 | _aPhillips, C L | ||
| 245 |
_aFeed Back Control Systems, 1st Ed _cCharles L. Phillips |
||
| 250 | _a1st Ed | ||
| 260 |
_aUSA _bMcGraw Hill _c1988 |
||
| 300 |
_axiv, 626 p.; Hb _ewith CD |
||
| 500 | _aBE textbook | ||
| 600 | _aHarbor, Royce D. | ||
| 942 |
_aNUST-CAE _k629.83 PHI |
||
| 999 |
_c401670 _d401670 |
||